=LDR 00000nam 2200000 4500 =001 INLIS000000000004109 =005 20220211100551 =035 ##$$a 0010-0222000720 =245 1#$$a Pengolahan Abon Ikan pada IKM Usaha Bersama di Kecamatan Liang Kabupaten Banggai Kepulauan Sulawesi Tengah : $b Kuliah Kerja Praktek /$c Yespriance Sadia =100 1#$$a SADIA, Yespriance =250 ##$$a 2014 =300 ##$$a vii, 27 halaman : $b Gambar ; $c 19,5x28 cm =856 ##$$a OPAC (Rak KKP TPL 2014) =260 ##$$a Makassar :$b Politeknik ATI Makassar - Tenaga Penyuluh Lapangan,$c 2014 =082 ##$$a (R)2014 LKKP-TPL 818 =084 ##$$a (R)2014 LKKP-TPL 818 SAD p =650 #4$$a Laporan Praktek TPL 2014 =500 ##$$a Laporan Praktek TPL 2014 =990 ##$$a 46/LKKP TPL 2014